000 00530cam a2200157 4500500
005 20260405000457.0
041 _afre
042 _adc
100 1 0 _aVieira, Suzi
_eauthor
245 0 0 _aLe raisonnement de l’ours : Et autres essais de philosophie pratique
260 _c2007.
500 _a39
690 _aVincent Descombes
786 0 _nPhilosophie magazine | 12 | 9 | 2007-09-01 | p. 31-34 | 1951-1787
856 4 1 _uhttps://shs.cairn.info/magazine-philosophie-magazine-2007-9-page-31?lang=fr&redirect-ssocas=7080
999 _c2037505
_d2037505